Galaxy formation / (Record no. 171635)

MARC details
000 -LEADER
fixed length control field 00926cam a2200289 i 4500
001 - CONTROL NUMBER
control field 1376447729
003 - CONTROL NUMBER IDENTIFIER
control field OSt
005 - DATE AND TIME OF LATEST TRANSACTION
control field 20250416134300.0
008 - FIXED-LENGTH DATA ELEMENTS--GENERAL INFORMATION
fixed length control field 230419s2022 gw a ob 001 0 eng d
020 ## - INTERNATIONAL STANDARD BOOK NUMBER
Canceled/invalid ISBN 9783662658901 (hardcover)
024 7# - OTHER STANDARD IDENTIFIER
Terms of availability USD 97.00
040 ## - CATALOGING SOURCE
Original cataloging agency GW5XE
Language of cataloging eng
Description conventions rda
Transcribing agency GW5XE
Modifying agency NUST
050 #4 - LIBRARY OF CONGRESS CALL NUMBER
Classification number QB857 LON
100 1# - MAIN ENTRY--PERSONAL NAME
Personal name Longair, Malcolm S.,
Dates associated with a name 1941-
Relator term author.
245 10 - TITLE STATEMENT
Title Galaxy formation /
Statement of responsibility, etc. Malcolm S. Longair
250 ## - EDITION STATEMENT
Edition statement Third edition
260 ## - PUBLICATION, DISTRIBUTION, ETC.
Place of publication, distribution, etc. United kingdom;
Name of publisher, distributor, etc. Springer,
Date of publication, distribution, etc. ©2023
300 ## - PHYSICAL DESCRIPTION
Extent xxv,772 pages :
Other physical details illustrations,
Dimensions 24 cm.
336 ## - CONTENT TYPE
Content type term text
Content type code txt
Source rdacontent
337 ## - MEDIA TYPE
Media type term computer
Media type code c
Source rdamedia
338 ## - CARRIER TYPE
Carrier type term online resource
Carrier type code cr
Source rdacarrier
504 ## - BIBLIOGRAPHY, ETC. NOTE
Bibliography, etc. note Includes bibliographical references and indexes
650 #0 - SUBJECT ADDED ENTRY--TOPICAL TERM
General subdivision Galaxies --- Formation.
650 #0 - SUBJECT ADDED ENTRY--TOPICAL TERM
General subdivision Cosmology.
650 #0 - SUBJECT ADDED ENTRY--TOPICAL TERM
General subdivision Astrophysics.
942 ## - ADDED ENTRY ELEMENTS (KOHA)
Source of classification or shelving scheme Library of Congress Classification
Koha item type 3-Hour Loan Material
Edition Third edition
Classification part QB857 LON
Call number prefix QB
Call number suffix LON
Suppress in OPAC No
Holdings
Withdrawn status Lost status Source of classification or shelving scheme Damaged status Not for loan Collection Home library Current library Shelving location Date acquired Source of acquisition Cost, normal purchase price Total Checkouts Full call number Barcode Date last seen Accession number Cost, replacement price Price effective from Koha item type Public note
    LCC     NFIC MAIN MAIN GEN 04/16/2025 Book Aid International 97.00   QB857 LON 92004054624 04/16/2025 61738 91.00 04/16/2025 BOOKS Donation